Les 20 pays ou l'ont peut trouver les plus belles femmes du monde - Statistiques

Statistiques générales
  • Ce quiz a été pris 1 340 fois
    729 depuis la dernière actualisation
  • Le résultat moyen est 3 sur 10
Statistiques - réponses
TOP Pays % Correct
10 États-Unis
74%
3 Mexique
51%
9 Colombie
50%
1 Venezuela
40%
6 Thaïlande
24%
4 Afrique du Sud
22%
5 Vietnam
19%
2 Philippines
15%
8 Indonésie
12%
7 Porto Rico
4%
Aucun quiz correspondant
Distribution des résultats
% des personnes avec chaque résultat
Percentile par nombre de réponses
Votre historique - résultats
Vous n’avez pas pris ce quiz depuis la dernière actualisation